{"text_format":"3","workbook":"xlsx","n_sheets":1,"sheets":["汇总"],"not_rendered":{"defined_names":3},"read":"whole","date_system":"1900"}

{"sheet":"汇总","index":0,"n_rows":35,"n_cols":13,"rows_kept":35,"merged":[[0,0,0,12],[3,12,15,12],[16,12,33,12],[34,0,34,6],[34,7,34,12]]}
["2025年聚乙烯内衬板、聚氨酯保温板谈判采购明细表"]
[{"$nulls":9},"单位：元/含税"]
["序号","物料编码","物料描述","计量单位","单车定额","车数","采购数量","使用车型","业务员","业务类别","零部件属性","授标方式","备注"]
[1,"M000005863422","侧墙衬板（1）","PC",4,50,200,"KZ70出口","张熙",null,"C","方式2"]
[2,"M000005863423","侧墙衬板（2）","PC",4,50,200,"KZ70出口","张熙",null,"C","方式2"]
[3,"M000005863424","侧墙衬板（3）","PC",4,50,200,"KZ70出口","张熙",null,"C","方式2"]
[4,"M000005863425","侧墙衬板（4）","PC",4,50,200,"KZ70出口","张熙",null,"C","方式2"]
[5,"M000005863426","端墙衬板","PC",2,50,100,"KZ70出口","张熙",null,"C","方式2"]
[6,"M000005924876","端墙衬板（2）","PC",2,50,100,"KZ70出口","张熙",null,"C","方式2"]
[7,"M000005863427","漏斗衬板（1）","PC",2,50,100,"KZ70出口","张熙",null,"C","方式2"]
[8,"M000005863428","漏斗衬板（2）","PC",2,50,100,"KZ70出口","张熙",null,"C","方式2"]
[9,"M000005863429","漏斗衬板（3）","PC",2,50,100,"KZ70出口","张熙",null,"C","方式2"]
[10,"M000005863430","漏斗衬板（4）","PC",2,50,100,"KZ70出口","张熙",null,"C","方式2"]
[11,"M000005863431","中央漏斗衬板","PC",2,50,100,"KZ70出口","张熙",null,"C","方式2"]
[12,"M000005863432","漏斗脊背衬板","PC",4,50,200,"KZ70出口","张熙",null,"C","方式2"]
[13,"M000005863433","隔板衬板","PC",8,50,400,"KZ70出口","张熙",null,"C","方式2"]
[14,"M000005905550","侧壁防寒板（1）","PC",4,10,40,"KZ70","张熙",null,"C","方式2","\n"]
[15,"M000005905551","侧壁防寒板（2）","PC",2,10,20,"KZ70","张熙",null,"C","方式2"]
[16,"M000005905552","侧壁防寒板（3）","PC",4,10,40,"KZ70","张熙",null,"C","方式2"]
[17,"M000005905541","侧壁防寒板（4）","PC",4,10,40,"KZ70","张熙",null,"C","方式2"]
[18,"M000005905553","侧壁防寒板（5）","PC",2,10,20,"KZ70","张熙",null,"C","方式2"]
[19,"M000005905554","顶部防寒板（1）","PC",2,10,20,"KZ70","张熙",null,"C","方式2"]
[20,"M000005905555","顶部防寒板（2）","PC",4,10,40,"KZ70","张熙",null,"C","方式2"]
[21,"M000005905538","顶部防寒板（3）","PC",1,10,10,"KZ70","张熙",null,"C","方式2"]
[22,"M000005905539","顶部防寒板（4）","PC",2,10,20,"KZ70","张熙",null,"C","方式2"]
[23,"M000005905549","顶部防寒板（5）","PC",2,10,20,"KZ70","张熙",null,"C","方式2"]
[24,"M000005905542","端壁防寒板（1）","PC",1,10,10,"KZ70","张熙",null,"C","方式2"]
[25,"M000005905543","端壁防寒板（3）","PC",2,10,20,"KZ70","张熙",null,"C","方式2"]
[26,"M000005905544","端壁防寒板（4）","PC",2,10,20,"KZ70","张熙",null,"C","方式2"]
[27,"M000005905545","端壁防寒板（5）","PC",2,10,20,"KZ70","张熙",null,"C","方式2"]
[28,"M000005905546","端壁防寒板（6）","PC",2,10,20,"KZ70","张熙",null,"C","方式2"]
[29,"M000005905547","端壁防寒板（7）","PC",2,10,20,"KZ70","张熙",null,"C","方式2"]
[30,"M000005905548","端壁防寒板（8）","PC",2,10,20,"KZ70","张熙",null,"C","方式2"]
[31,"M000005905556","端壁防寒板（9）","PC",18,10,180,"KZ70","张熙",null,"C","方式2"]
["合计"]